| 000 | 00804cam a2200277 4500 | ||
|---|---|---|---|
| 008 | 090401t1995 xxu||||| |||| 00| 0 eng d | ||
| 020 | _a0750612940 | ||
| 035 | _a(Sirsi) u10113 | ||
| 041 | _aeng | ||
| 050 | _a725.8 | ||
| 245 | _aHandbook of sports and recreational building design. Volume 2: indoor sports. | ||
| 250 | _a2nd ed. | ||
| 260 |
_aOxford _bButterworth Architecture _c1995 |
||
| 300 | _a362p. : ill. ; 30cm. | ||
| 350 | _a95 | ||
| 650 | _aBUILT ENVIRONMENT-CONSTRUCTION DESIGN | ||
| 650 | _aINDOOR SPORTS CENTRES | ||
| 650 | _aLEISURE CENTRES | ||
| 650 | _aSPORTS CENTRES | ||
| 690 | _aBUILT ENVIRONMENT-CONSTRUCTION DESIGN | ||
| 700 |
_aJohn, Geraint _xEditor |
||
| 700 |
_aCampbell, Kit _xEditor |
||
| 710 |
_aSports Council _93184 |
||
| 942 | _n0 | ||
| 948 | _c04/03/1997 | ||
| 999 |
_c86704 _d86704 |
||